| 000 | 01019nam a2200265 i 4500 | ||
|---|---|---|---|
| 001 | 128886 | ||
| 003 | ES-MaACL | ||
| 005 | 20250824035124.0 | ||
| 007 | t| | ||
| 008 | 070529s1969 sp ||||1| spa d | ||
| 245 | 0 | 0 |
_aTeatro húngaro contemporáneo / _ctraducción del húngaro, selección y prólogo de Zoltán A. Ronai. |
| 260 |
_a[Madrid] : _bAguilar, _c[1969] |
||
| 300 |
_a519 p. ; _c19 cm. |
||
| 505 | 8 | _aContiene: Bizancio / Frenc Herzeg.--Liliom / Fernc Molnár.--Sé bueno hasta morir / Zsigmond Morica.--Torres de madera / Lajos Zilahy.--Arco iris engañoso / Aron Tamási.--Galileo / Lázaló Németh | |
| 650 | 7 |
_aTeatro húngaro _2 _9160481 |
|
| 700 | 0 |
_aHerczeg, Ferenc. _962678 |
|
| 700 | 1 |
_aNemeth, Laszlo. _9160482 |
|
| 700 | 1 |
_aRoani, Zoltan A. _9160483 |
|
| 700 | 1 |
_aTamasi, Aron. _9160484 |
|
| 700 | 1 |
_aMóricz, Zsigmond. _9160485 |
|
| 700 | 0 |
_aZilahy, Lajos. _9118252 |
|
| 700 | 0 |
_aMolnar, Ferenc. _982062 |
|
| 852 |
_aES-MaACL _jC-36471 _bR.69836 |
||
| 999 |
_c128886 _d128886 |
||